Airport Codes Great Britain - Statistics

General Stats
  • This quiz has been taken 23 times
  • The average score is 12 of 32
Answer Stats
Passengers (2016) Airport Code % Correct
88.844.310 London Heathrow LHR
87%
25.637.054 Manchester MAN
80%
43.119.628 London Gatwick LGW
73%
12.348.425 Edinburgh EDI
67%
14.645.619 London Luton LTN
67%
9.327.193 Glasgow GLA
60%
24.320.071 London Stansted STN
60%
847.257 Exeter EXE
53%
783.017 Inverness INV
47%
11.645.334 Birmingham BHX
40%
4.078.069 Leeds/Bradford LBA
40%
4.778.939 Liverpool LPL
40%
1.781.457 Southampton SOU
40%
2.955.338 Aberdeen ABZ
33%
5.147.546 Belfast BFS
33%
667.981 Bournemouth BOH
33%
7.610.780 Bristol BRS
33%
4.653.818 Nottingham/East Midlands EMA
33%
548.320 Gibraltar GIB
33%
1.664.175 Jersey JER
33%
4.538.813 London City LCY
33%
4.807.906 Newcastle upon Tyne NCL
33%
791.651 Isle of Man IOM
27%
1.255.907 Doncaster/Sheffield DSA
20%
874.549 London Southend SEN
20%
2.665.139 Belfast City BHD
13%
1.581.302 Cardiff CWL
13%
837.615 Guernsey GCI
13%
506.007 Norwich NWI
13%
818.459 Hamilton (Bermuda) BDA
7%
673.323 Glasgow/Prestwick PIK
7%
1.127.353 George Town (Cayman Islands) GCM
0%
No matching quizzes found
Score Distribution
Percent of People with Each Score
Percentile by Number Answered
Your Score History
You have not taken this quiz